|
|
|
|
| LEADER |
00000nam0a2200000 4500 |
| 001 |
102081 |
| 005 |
20231031112836.0 |
| 010 |
|
|
|a 5941450788
|
| 035 |
|
|
|a (RuTPU)RU\TPU\book\110081
|
| 090 |
|
|
|a 102081
|
| 100 |
|
|
|a 20060919d2002 m y0rusy50 ca
|
| 101 |
1 |
|
|a rus
|c eng
|
| 102 |
|
|
|a RU
|
| 105 |
|
|
|a y z 000ay
|
| 200 |
1 |
|
|a Коулун Тонг
|e роман: пер. с англ.
|f П. Теру
|
| 210 |
|
|
|a Москва
|c Иностранка: БСГ-Пресс
|d 2002
|
| 215 |
|
|
|a 282 с.
|
| 225 |
1 |
|
|a Иллюминатор
|
| 225 |
1 |
|
|a Библиотека журнала "Иностранная литература"
|
| 330 |
|
|
|a Место действия романа «Коулун Тонг» — британская колония Гонконг. Время — канун ее передачи Китаю. На этом злободневном материале Полом Теру создана одна из его самых захватывающих книг. История слабой души, которая потянулась было к свету, но не сдюжила; притча о несостоятельности ханжеского Запада и жизнестойкости варварского Востока; триллер, где все ужасы от мира сего.
|
| 610 |
1 |
|
|a американская литература
|
| 610 |
1 |
|
|a романы
|
| 610 |
1 |
|
|a Гонконг
|
| 610 |
1 |
|
|a 20 век
|
| 675 |
|
|
|a 82
|v 3
|
| 700 |
|
1 |
|a Теру
|b П.
|g Пол
|
| 801 |
|
1 |
|a RU
|b 63413507
|c 20060919
|g PSBO
|
| 801 |
|
2 |
|a RU
|b 63413507
|c 20061221
|g PSBO
|
| 942 |
|
|
|c BK
|
| 959 |
|
|
|a 84/20060919
|d 1
|e 28,00
|f ХФ:1
|